Trade agency budget authorizations and other customs issues : hearing before the Subcommittee on Trade of the Committee on Ways and Means, House of Representatives, One Hundred Seventh Congress, first session, July 17, 2001.

Bibliographic Details
Corporate Author: United States. Congress. House. Committee on Ways and Means. Subcommittee on Trade
Format: Government Document Book
Language:English
Published: Washington : U.S. G.P.O. : 2001.
Edition:[Corr.print.].
Subjects:
Online Access:Text version:
Adobe Acrobat Reader required

MARC

Tag First Indicator Second Indicator Subfields
LEADER 00000cam a2200000 a 4500
001 in00001664057
005 20220106093225.0
008 020225s2001 dcu b f000 0 eng c
020 |a 0160663709 
035 |a (OCoLC)ocm49346044 
040 |a GPO  |c GPO  |d DLC  |d MvI  |d UtOrBLW 
042 |a pcc 
043 |a n-us--- 
049 |a UDOC 
074 |a 1028-A 
074 |a 1028-B (MF) 
086 0 |a Y 4.W 36:107-42/CORR. 
088 |a Serial no. 107-42 (United States. Congress. House. Committee on Ways and Means) 
110 1 |a United States.  |b Congress.  |b House.  |b Committee on Ways and Means.  |b Subcommittee on Trade. 
245 1 0 |a Trade agency budget authorizations and other customs issues :  |b hearing before the Subcommittee on Trade of the Committee on Ways and Means, House of Representatives, One Hundred Seventh Congress, first session, July 17, 2001. 
250 |a [Corr.print.]. 
264 1 |a Washington :  |b U.S. G.P.O. :  |c 2001. 
264 2 |a Washington :  |b For sale by the Supt. of Docs., U.S. G.P.O. [Congressional Sales Office], 
300 |a iii, 100 pages ;  |c 24 cm. 
336 |a text  |b txt  |2 rdacontent 
337 |a unmediated  |b n  |2 rdamedia 
338 |a volume  |b nc  |2 rdacarrier 
500 |a Star print. 
500 |a Distributed to some depository libraries in microfiche. 
500 |a Shipping list number: 2002-0112-P. 
500 |a Shipping List Date: 02/20/2002 
504 |a Includes bibliographical references. 
500 |a "Serial number 107-42." 
530 |a Also available via Internet from the GPO Access web site. Addresses as of 12/17/01: http://frwebgate.access.gpo.gov/cgi-bin/useftp.cgi?IPaddress=162.140.64.21&filename=75197.wais&directory=/diskb/wais/data/107h̲ouseh̲earings (text version), http://frwebgate.access.gpo.gov/cgi-bin/useftp.cgi?IPaddress=162.140.64.21&filename=75197.pdf&directory=/diskb/wais/data/107h̲ouseh̲earings (PDF version); current access is available via PURLs. 
610 2 0 |a U.S. Customs Service  |x Appropriations and expenditures. 
610 2 0 |a U.S. Customs Service  |x Officials and employees  |x Salaries, etc. 
610 2 0 |a U.S. Customs Service  |x Automation. 
610 2 0 |a United States International Trade Commission  |x Appropriations and expenditures. 
610 1 0 |a United States.  |b Office of the U.S. Trade Representative  |x Appropriations and expenditures. 
650 0 |a Customs administration  |z United States  |x Automation. 
856 4 1 |3 Text version:  |u https://purl.fdlp.gov/GPO/LPS16477  |t 0 
856 4 1 |3 PDF version:  |u https://purl.fdlp.gov/GPO/LPS16478  |z Adobe Acrobat Reader required  |t 0 
999 |a MARS 
999 f f |s 5dcdf446-b724-33d5-98f9-1a639fb45156  |i d35b5fd1-0794-3a26-9c3e-2e8701dcd3f3  |t 0 
952 f f |a Texas A&M University  |b College Station  |c Electronic Resources  |d Available Online  |t 0  |e Y 4.W 36:107-42/CORR.  |h Superintendent of Documents classification 
998 f f |a Y 4.W 36:107-42/CORR.  |t 0  |l Available Online